000
00328nam a2200133Ia 4500
008
191014s9999 xx 000 0 und d
020
_a
LC 63-21516
082
_a
531
_b
AND
100
_a
P.W.Anderson
_9
20368
245
0
_a
Concepts in Solids
260
_a
New York
_b
W.A.Benjamin Inc.
_c
1963
300
_a
X,188
942
_c
BK
999
_c
530946
_d
530946